<?xml version="1.0" encoding="UTF-8"?><?xml-stylesheet type="text/xsl" href="static/style.xsl"?><OAI-PMH xmlns="http://www.openarchives.org/OAI/2.0/" xmlns:xsi="http://www.w3.org/2001/XMLSchema-instance" xsi:schemaLocation="http://www.openarchives.org/OAI/2.0/ http://www.openarchives.org/OAI/2.0/OAI-PMH.xsd"><responseDate>2026-06-04T02:49:42Z</responseDate><request verb="GetRecord" identifier="oai:riubu.ubu.es:10259/11796" metadataPrefix="marc">https://riubu.ubu.es/oai/request</request><GetRecord><record><header><identifier>oai:riubu.ubu.es:10259/11796</identifier><datestamp>2026-06-04T00:05:29Z</datestamp><setSpec>com_10259_4839</setSpec><setSpec>com_10259_5086</setSpec><setSpec>com_10259_2604</setSpec><setSpec>col_10259_4840</setSpec></header><metadata><record xmlns="http://www.loc.gov/MARC21/slim" xmlns:doc="http://www.lyncode.com/xoai" xmlns:xsi="http://www.w3.org/2001/XMLSchema-instance" xmlns:dcterms="http://purl.org/dc/terms/" xsi:schemaLocation="http://www.loc.gov/MARC21/slim http://www.loc.gov/standards/marcxml/schema/MARC21slim.xsd">
<leader>00925njm 22002777a 4500</leader>
<datafield tag="042" ind1=" " ind2=" ">
<subfield code="a">dc</subfield>
</datafield>
<datafield tag="720" ind1=" " ind2=" ">
<subfield code="a">Abella García, Víctor</subfield>
<subfield code="e">author</subfield>
</datafield>
<datafield tag="720" ind1=" " ind2=" ">
<subfield code="a">Delgado Benito, Vanesa</subfield>
<subfield code="e">author</subfield>
</datafield>
<datafield tag="260" ind1=" " ind2=" ">
<subfield code="c">2015-04</subfield>
</datafield>
<datafield tag="520" ind1=" " ind2=" ">
<subfield code="a">Las redes sociales están cada vez más presentes en el ámbito educativo, contribuyendo a&#xd;
desarrollar diversas competencias relacionadas con la comunicación, la información y el&#xd;
tratamiento digital entre otras. En este artículo presentamos una experiencia educativa realizada&#xd;
en la asignatura “Tecnologías de la Información y la Comunicación aplicadas a la Educación”&#xd;
impartida en primero de Grado en Maestro en Educación Primaria, cuyo principal objetivo es&#xd;
acercar al alumnado al uso de las redes sociales, concretamente Twitter, con una finalidad&#xd;
educativa.&#xd;
Entre los principales resultados obtenidos destacamos que las tres cuartas partes del alumnado&#xd;
está satisfecho, en mayor o menor medida, con la utilización de Twitter en el contexto de la&#xd;
asignatura. Así mismo, muestran una valoración positiva en la utilización de esta red social como&#xd;
instrumento de formación permanente.&#xd;
Desde nuestro punto de vista como docentes, la experiencia con la citada red social ha sido muy&#xd;
enriquecedora, convirtiéndose en una nueva herramienta de comunicación atractiva para los&#xd;
estudiantes y fomentando la interacción de éstos con otros profesionales del sector educativo</subfield>
</datafield>
<datafield tag="520" ind1=" " ind2=" ">
<subfield code="a">The social networks are increasingly present in educational environments, promoting (helping,&#xd;
contributing) different skills related to communication, information and digital processing among&#xd;
others. In this paper, we present an educational experience conducted in the course of Information&#xd;
Technologies and Communication applied to the Education provided in the first year of the Degree&#xd;
in Elementary Education, whose main objective is to bring the students to the use of social media,&#xd;
specifically Twitter, with an educational purpose. The main results highlighted that three-fourths of the students were satisfied to a greater or&#xd;
lesser extent, with the use of Twitter in the context of the subject. These results also showed&#xd;
revealed a positive assessment by the students on the use of this social network as a tool for&#xd;
lifelong learning.&#xd;
From our point of view, the experience with Twitter has been very rewarding, becoming a new&#xd;
attractive communication tool for students and encouraging their interaction with other&#xd;
educational professionals</subfield>
</datafield>
<datafield tag="024" ind2=" " ind1="8">
<subfield code="a">1138-414X</subfield>
</datafield>
<datafield tag="024" ind2=" " ind1="8">
<subfield code="a">https://hdl.handle.net/10259/11796</subfield>
</datafield>
<datafield ind1=" " ind2=" " tag="653">
<subfield code="a">Twitter</subfield>
</datafield>
<datafield ind1=" " ind2=" " tag="653">
<subfield code="a">Educación superior</subfield>
</datafield>
<datafield ind1=" " ind2=" " tag="653">
<subfield code="a">Microblogging</subfield>
</datafield>
<datafield ind1=" " ind2=" " tag="653">
<subfield code="a">TIC</subfield>
</datafield>
<datafield ind1=" " ind2=" " tag="653">
<subfield code="a">Aprendizaje informal</subfield>
</datafield>
<datafield ind1=" " ind2=" " tag="653">
<subfield code="a">Entorno personal de aprendizaje</subfield>
</datafield>
<datafield tag="245" ind1="0" ind2="0">
<subfield code="a">Aprender a usar Twitter y usar Twitter para aprender</subfield>
</datafield>
</record></metadata></record></GetRecord></OAI-PMH>